000 00340nam a22001457a 4500
020 _a81-88582-07-7
082 _a894.812
_bNIT/M
100 _aNITHYACHAITHANYAYATHI
245 _aMARANAMENNA VATHILINAPPURAM
260 _aTHRISSUR
_bGREEN BOOKS PRIVATE LIMITED
_c2002
300 _a155
520 _aNOVEL
650 _aNOVEL
942 _cBK
999 _c5531
_d5531